000 00554cam a2200193 4500500
005 20260329004753.0
041 _afre
042 _adc
100 1 0 _aPortevin, Catherine
_eauthor
245 0 0 _aJe est un nous
260 _c2021.
500 _a63
690 _aJean-Philippe Pierron
690 _aNature
690 _aRécit
690 _aVivant
786 0 _nPhilosophie magazine | 147 | 3 | 2021-03-01 | p. 76-77 | 1951-1787
856 4 1 _uhttps://shs.cairn.info/magazine-philosophie-magazine-2021-3-page-76?lang=fr&redirect-ssocas=7080
999 _c1837132
_d1837132